Slovensky od buka do buka-

Bibliographic Details
Main Author: Schwarz, Jozef (Author)
Format: Article
Language:Slovak
ISSN:0862-5999
Subjects:

MARC

LEADER 00000nab a2200000 a 4500
001 vtls010032460
003 SK-MaSNL
005 20260303191020.0
008 190315c2009 xo |r|p|||||||000 b|slo
015 |a SNBRB2009/12  |2 snkbucl 
038 |a SNKBUCL 
040 |a SNKBUCL  |b slo  |c SNKBUCL  |e AACR2 
041 0 |a slo 
044 |a xo  |c SK 
080 |a 81`255.2:94(437.6)  |2 2001 
080 |a 94(437.6)  |2 2001 
080 |a 811.162.1`255.2  |x (=162.4)  |2 2001 
100 1 |a Schwarz, Jozef  |4 aut  |9 284518 
245 1 0 |a Slovensky od buka do buka-  |c Jozef Schwarz 
600 1 7 |a Sroka, Stanisław Andrzej,  |d 1966-  |t Jánošík : pravdivá história karpatského zbojníka  |x slovenský preklad  |2 snkbucl  |9 1219969 
650 0 7 |a poľština  |2 snkbucl  |9 1349 
650 0 7 |a slovenčina  |2 snkbucl  |9 1350 
773 0 |t Literárny (dvoj)týždenník  |g Roč. XXII, č. 37-38 (2009), s. 5  |x 0862-5999 
852 |a SNK  |b KIS3GCP 
958 |a PL 
958 |a SK 
999 |c 2139063  |d 2140993